| 000 | 00781nam a22002411 4500 | ||
|---|---|---|---|
| 999 |
_c58732 _d58732 |
||
| 001 | 4532841 | ||
| 005 | 20220711121702.0 | ||
| 008 | 840111s1966 nyu b 000 0 eng | ||
| 010 | _a 65025552 | ||
| 040 |
_aDLC/ICU _cICU _dDLC |
||
| 050 | 0 | 0 |
_aQA611 _b.S62 |
| 080 | _a512:514 S-79 | ||
| 100 | 1 |
_aSpanier, Edwin Henry, _d1921- _914349 |
|
| 245 | 0 | 0 |
_aAlgebraic topology / _c[by] Edwin H. Spanier. |
| 260 |
_aNew York, _bMcGraw-Hill _c[1966] |
||
| 300 |
_axiv, 528 p. _c24 cm. |
||
| 440 | 0 |
_aMcGraw-Hill series in higher mathematics _914350 |
|
| 504 | _aBibliography: p. 10-11. | ||
| 650 | 0 |
_aAlgebraic topology. _914325 |
|
| 650 | 0 |
_aალგებრული ტოპოლოგია. _914351 |
|
| 906 |
_a7 _bcbc _corignew _du _eocip _f19 _gy-gencatlg |
||
| 942 |
_2udc _cBK |
||